[Event "DVM U10 2023"]
[Site "Magdeburg GER"]
[Date "2023.12.28"]
[Round "5"]
[White "Rössling, Johannes"]
[Black "Noll, Raphael"]
[Result "0-1"]
[Termination "normal"]
[Board "15.1"]
[WhiteElo "1287"]
[BlackElo "1387"]
[WhiteClock "00:13:45"]
[BlackClock "00:02:47"]
[WhiteTeam "Schachzwerge Magdeburg"]
[BlackTeam "SK Marburg 1931/72"]
[PlyCount "142"]
[WhiteFideId "34642773"]
[BlackFideId "34653228"]
[EventCountry "GER"]
[EventRounds "7"]
[EventType "team-swiss"]
[EventDate "2023.12.27"]

1. e4 {[%clk 00:55:07]} {[%emt 00:00:02]} e5 {[%clk 00:55:05]} {[%emt
00:00:05]} 2. Nf3 {[%clk 00:55:06]} {[%emt 00:00:07]} Nf6 {[%clk 00:55:00]}
{[%emt 00:00:10]} 3. Nxe5 {[%clk 00:54:58]} {[%emt 00:00:13]} d6 {[%clk
00:54:49]} {[%emt 00:00:16]} 4. Nf3 {[%clk 00:54:50]} {[%emt 00:00:12]} Nxe4
{[%clk 00:54:46]} {[%emt 00:00:08]} 5. Qe2 {[%clk 00:52:45]} {[%emt 00:02:10]}
Qe7 {[%clk 00:54:30]} {[%emt 00:00:22]} 6. g3 {[%clk 00:52:00]} {[%emt
00:00:49]} Nc6 {[%clk 00:53:16]} {[%emt 00:01:20]} 7. Bg2 {[%clk 00:50:21]}
{[%emt 00:01:39]} Bf5 {[%clk 00:52:08]} {[%emt 00:01:18]} 8. O-O {[%clk
00:49:44]} {[%emt 00:00:40]} O-O-O {[%clk 00:51:20]} {[%emt 00:00:55]} 9. d3
{[%clk 00:49:04]} {[%emt 00:00:44]} Nf6 {[%clk 00:50:41]} {[%emt 00:00:45]} 10.
Be3 {[%clk 00:45:36]} {[%emt 00:03:32]} g6 {[%clk 00:48:24]} {[%emt 00:02:22]}
11. Qd2 {[%clk 00:44:36]} {[%emt 00:01:05]} Bg7 {[%clk 00:47:02]} {[%emt
00:01:28]} 12. Nc3 {[%clk 00:44:18]} {[%emt 00:00:22]} Qd7 {[%clk 00:42:55]}
{[%emt 00:04:13]} 13. Rfb1 {[%clk 00:42:35]} {[%emt 00:01:48]} Bh3 {[%clk
00:38:44]} {[%emt 00:04:16]} 14. Bh1 {[%clk 00:41:25]} {[%emt 00:01:14]} h6
{[%clk 00:36:39]} {[%emt 00:02:11]} 15. b4 {[%clk 00:41:02]} {[%emt 00:00:27]}
Be6 {[%clk 00:35:26]} {[%emt 00:01:19]} 16. a4 {[%clk 00:40:23]} {[%emt
00:00:45]} g5 {[%clk 00:34:02]} {[%emt 00:01:28]} 17. a5 {[%clk 00:40:08]}
{[%emt 00:00:20]} Nd5 {[%clk 00:31:18]} {[%emt 00:02:49]} 18. d4 {[%clk
00:37:52]} {[%emt 00:02:20]} f5 {[%clk 00:28:43]} {[%emt 00:02:40]} 19. b5
{[%clk 00:37:23]} {[%emt 00:00:35]} Nce7 {[%clk 00:27:32]} {[%emt 00:01:16]}
20. b6 {[%clk 00:36:27]} {[%emt 00:01:00]} cxb6 {[%clk 00:26:03]} {[%emt
00:01:35]} 21. axb6 {[%clk 00:36:11]} {[%emt 00:00:21]} a6 {[%clk 00:25:56]}
{[%emt 00:00:12]} 22. Nb5 {[%emt 00:01:35]} Rdg8 {[%clk 00:25:09]} {[%emt
00:00:50]} 23. Na7+ {[%clk 00:34:13]} {[%emt 00:00:35]} Kd8 {[%clk 00:24:24]}
{[%emt 00:00:49]} 24. c4 {[%clk 00:33:50]} {[%emt 00:00:29]} Nf6 {[%clk
00:23:31]} {[%emt 00:00:58]} 25. Qc2 {[%clk 00:32:38]} {[%emt 00:01:16]} Nh5
{[%clk 00:21:11]} {[%emt 00:02:26]} 26. c5 {[%clk 00:32:10]} {[%emt 00:00:33]}
dxc5 {[%clk 00:20:05]} {[%emt 00:01:11]} 27. Qxc5 {[%clk 00:31:46]} {[%emt
00:00:29]} Ke8 {[%clk 00:19:03]} {[%emt 00:01:07]} 28. Ne5 {[%clk 00:30:29]}
{[%emt 00:01:22]} Bxe5 {[%clk 00:18:10]} {[%emt 00:00:58]} 29. dxe5 {[%clk
00:30:15]} {[%emt 00:00:19]} Kf7 {[%clk 00:16:39]} {[%emt 00:01:36]} 30. Rd1
{[%clk 00:29:57]} {[%emt 00:00:22]} Qe8 {[%clk 00:15:52]} {[%emt 00:00:51]} 31.
f3 {[%clk 00:28:33]} {[%emt 00:01:31]} f4 {[%clk 00:14:24]} {[%emt 00:01:33]}
32. Bc1 {[%clk 00:27:25]} {[%emt 00:01:10]} fxg3 {[%clk 00:13:14]} {[%emt
00:01:17]} 33. h3 {[%clk 00:26:49]} {[%emt 00:00:41]} Nf4 {[%clk 00:12:40]}
{[%emt 00:00:40]} 34. h4 {[%clk 00:26:06]} {[%emt 00:00:47]} Ne2+ {[%clk
00:11:52]} {[%emt 00:00:54]} 35. Kf1 {[%clk 00:25:41]} {[%emt 00:00:29]} Nxc1
{[%clk 00:11:25]} {[%emt 00:00:33]} 36. Raxc1 {[%clk 00:25:33]} {[%emt
00:00:13]} gxh4 {[%emt 00:01:38]} 37. Rd4 {[%clk 00:24:26]} Bh3+ {[%clk
00:09:03]} {[%emt 00:02:06]} 38. Ke2 {[%clk 00:23:39]} {[%emt 00:00:52]} g2
{[%clk 00:08:05]} {[%emt 00:01:03]} 39. Qc4+ {[%clk 00:23:12]} {[%emt
00:00:32]} Kf8 {[%clk 00:05:49]} {[%emt 00:02:20]} 40. Rf4+ {[%clk 00:22:57]}
{[%emt 00:00:21]} Kg7 {[%clk 00:05:04]} {[%emt 00:00:50]} 41. Rg1 {[%clk
00:22:24]} {[%emt 00:00:37]} Qg6 {[%clk 00:03:30]} {[%emt 00:01:40]} 42. Kf2
{[%clk 00:21:33]} {[%emt 00:00:55]} Qg3+ {[%clk 00:02:27]} {[%emt 00:01:10]}
43. Ke3 {[%clk 00:21:30]} {[%emt 00:00:06]} Rf8 {[%clk 00:01:45]} {[%emt
00:00:48]} 44. Bxg2 {[%clk 00:20:27]} {[%emt 00:01:08]} Nd5+ {[%clk 00:01:06]}
{[%emt 00:00:44]} 45. Ke2 {[%clk 00:20:10]} {[%emt 00:00:20]} Nxf4+ {[%clk
00:01:03]} {[%emt 00:00:09]} 46. Ke3 {[%clk 00:19:51]} {[%emt 00:00:23]} Nxg2+
{[%clk 00:00:57]} {[%emt 00:00:13]} 47. Kd2 {[%clk 00:19:33]} {[%emt 00:00:23]}
Qf2+ {[%clk 00:00:57]} {[%emt 00:00:05]} 48. Kc3 {[%clk 00:19:24]} {[%emt
00:00:14]} Qxg1 {[%clk 00:00:57]} {[%emt 00:00:05]} 49. Qc7+ {[%clk 00:18:58]}
{[%emt 00:00:30]} Rf7 {[%clk 00:01:00]} {[%emt 00:00:03]} 50. Qd6 {[%clk
00:18:39]} {[%emt 00:00:23]} Qc1+ {[%clk 00:01:01]} {[%emt 00:00:05]} 51. Kd4
{[%clk 00:18:15]} {[%emt 00:00:28]} Qd1+ {[%clk 00:01:04]} {[%emt 00:00:04]}
52. Kc5 {[%clk 00:17:57]} {[%emt 00:00:22]} Qxd6+ {[%clk 00:01:07]} {[%emt
00:00:02]} 53. exd6 {[%clk 00:17:49]} {[%emt 00:00:13]} Rd8 {[%clk 00:01:08]}
{[%emt 00:00:04]} 54. d7 {[%clk 00:17:14]} {[%emt 00:00:40]} Rdxd7 {[%clk
00:01:09]} {[%emt 00:00:04]} 55. Nc8 {[%clk 00:16:57]} {[%emt 00:00:22]} Rf5+
{[%clk 00:01:11]} {[%emt 00:00:03]} 56. Kc4 {[%clk 00:16:38]} {[%emt 00:01:49]}
Rf8 {[%clk 00:03:03]} {[%emt 00:00:10]} 57. Na7 {[%clk 00:16:29]} {[%emt
00:00:14]} Ra8 {[%clk 00:03:05]} {[%emt 00:00:03]} 58. f4 {[%clk 00:16:07]}
{[%emt 00:00:28]} Rxa7 {[%clk 00:02:59]} {[%emt 00:00:11]} 59. bxa7 {[%clk
00:16:04]} {[%emt 00:00:08]} b5+ {[%clk 00:03:02]} {[%emt 00:00:02]} 60. Kb4
{[%clk 00:15:44]} {[%emt 00:00:24]} Rxa7 {[%clk 00:03:05]} {[%emt 00:00:02]}
61. f5 {[%clk 00:15:23]} {[%emt 00:00:26]} Rc7 {[%clk 00:03:01]} {[%emt
00:00:09]} 62. f6+ {[%clk 00:15:20]} {[%emt 00:00:08]} Kxf6 {[%clk 00:03:02]}
{[%emt 00:00:04]} 63. Ka5 {[%clk 00:15:15]} {[%emt 00:00:10]} Rc4 {[%clk
00:02:56]} {[%emt 00:00:11]} 64. Kxa6 {[%clk 00:15:10]} {[%emt 00:00:10]} b4
{[%clk 00:02:56]} {[%emt 00:00:05]} 65. Kb5 {[%clk 00:14:59]} {[%emt 00:00:16]}
Rc8 {[%clk 00:02:56]} {[%emt 00:00:06]} 66. Kxb4 {[%clk 00:14:47]} {[%emt
00:00:17]} Ke5 {[%clk 00:02:57]} {[%emt 00:00:03]} 67. Kb3 {[%clk 00:14:31]}
{[%emt 00:00:21]} Kd4 {[%clk 00:03:00]} {[%emt 00:00:03]} 68. Kb4 {[%clk
00:14:17]} {[%emt 00:00:19]} Rb8+ {[%clk 00:03:02]} {[%emt 00:00:02]} 69. Ka4
{[%clk 00:13:58]} {[%emt 00:00:24]} Kc5 {[%clk 00:02:57]} {[%emt 00:00:10]} 70.
Ka3 {[%clk 00:13:50]} {[%emt 00:00:13]} Be6 {[%clk 00:02:48]} {[%emt 00:00:13]}
71. Ka4 {[%clk 00:13:45]} {[%emt 00:00:12]} Ra8# {[%clk 00:02:47]} {[%emt
00:00:06]} 0-1

[Event "DVM U10 2023"]
[Site "Magdeburg GER"]
[Date "2023.12.28"]
[Round "5"]
[White "Goebel, Johannes"]
[Black "Dornheim, Georg Wilhelm"]
[Result "1-0"]
[Termination "normal"]
[Board "15.2"]
[WhiteElo "1043"]
[BlackElo "1025"]
[WhiteClock "00:29:09"]
[BlackClock "00:33:42"]
[WhiteTeam "SK Marburg 1931/72"]
[BlackTeam "Schachzwerge Magdeburg"]
[PlyCount "89"]
[BlackFideId "34645438"]
[EventCountry "GER"]
[EventRounds "7"]
[EventType "team-swiss"]
[EventDate "2023.12.27"]

1. e4 {[%clk 00:55:05]} {[%emt 00:00:05]} c5 {[%clk 00:55:04]} {[%emt
00:00:06]} 2. c3 {[%clk 00:54:51]} {[%emt 00:00:20]} d6 {[%clk 00:54:50]}
{[%emt 00:00:18]} 3. d4 {[%clk 00:54:31]} {[%emt 00:00:25]} cxd4 {[%clk
00:54:12]} {[%emt 00:00:43]} 4. cxd4 {[%clk 00:54:29]} {[%emt 00:00:07]} Nc6
{[%clk 00:54:11]} {[%emt 00:00:06]} 5. Nf3 {[%clk 00:54:20]} {[%emt 00:00:13]}
Nf6 {[%clk 00:53:57]} {[%emt 00:00:20]} 6. Nc3 {[%clk 00:54:12]} {[%emt
00:00:13]} b6 {[%clk 00:53:22]} {[%emt 00:00:41]} 7. Bb5 {[%emt 00:00:25]} Bd7
{[%clk 00:53:08]} {[%emt 00:00:17]} 8. Bxc6 {[%clk 00:53:34]} {[%emt 00:00:24]}
Bxc6 {[%clk 00:52:30]} {[%emt 00:00:42]} 9. d5 {[%clk 00:53:21]} {[%emt
00:00:19]} Bb7 {[%clk 00:52:25]} {[%emt 00:00:11]} 10. O-O {[%clk 00:53:06]}
{[%emt 00:00:19]} g6 {[%clk 00:52:19]} {[%emt 00:00:10]} 11. Be3 {[%clk
00:51:56]} {[%emt 00:01:14]} Bg7 {[%clk 00:51:46]} {[%emt 00:00:39]} 12. Bd4
{[%clk 00:51:08]} {[%emt 00:00:54]} O-O {[%clk 00:51:25]} {[%emt 00:00:26]} 13.
a3 {[%clk 00:47:49]} {[%emt 00:03:24]} Ba6 {[%clk 00:51:07]} {[%emt 00:00:23]}
14. Re1 {[%clk 00:47:23]} {[%emt 00:00:31]} Bc8 {[%clk 00:48:25]} {[%emt
00:02:47]} 15. e5 {[%clk 00:45:45]} {[%emt 00:01:44]} Bb7 {[%clk 00:47:19]}
{[%emt 00:01:10]} 16. exf6 {[%clk 00:45:19]} {[%emt 00:00:30]} exf6 {[%clk
00:46:52]} {[%emt 00:00:32]} 17. Qe2 {[%clk 00:42:46]} {[%emt 00:02:38]} Qd7
{[%clk 00:44:06]} {[%emt 00:02:51]} 18. Qe7 {[%clk 00:42:07]} {[%emt 00:00:41]}
Bc8 {[%clk 00:43:00]} {[%emt 00:01:15]} 19. Qxd7 {[%emt 00:00:43]} Bxd7 {[%clk
00:42:47]} {[%emt 00:00:17]} 20. b4 {[%clk 00:40:06]} {[%emt 00:01:29]} Rfe8
{[%clk 00:42:38]} {[%emt 00:00:14]} 21. a4 {[%clk 00:39:32]} {[%emt 00:00:39]}
a6 {[%clk 00:41:05]} {[%emt 00:01:38]} 22. Bxb6 {[%clk 00:38:42]} {[%emt
00:00:54]} Rab8 {[%clk 00:40:51]} {[%emt 00:00:19]} 23. a5 {[%clk 00:38:14]}
{[%emt 00:00:35]} f5 {[%clk 00:40:35]} {[%emt 00:00:19]} 24. Rxe8+ {[%clk
00:36:35]} {[%emt 00:01:45]} Bxe8 {[%clk 00:39:53]} {[%emt 00:00:47]} 25. Nd4
{[%clk 00:35:41]} {[%emt 00:00:58]} Rxb6 {[%clk 00:39:04]} {[%emt 00:00:55]}
26. axb6 {[%clk 00:35:06]} {[%emt 00:00:40]} Bxd4 {[%clk 00:38:42]} {[%emt
00:00:26]} 27. b7 {[%clk 00:34:49]} {[%emt 00:00:23]} Ba7 {[%clk 00:38:40]}
{[%emt 00:00:07]} 28. Rxa6 {[%clk 00:34:19]} {[%emt 00:00:35]} Bb8 {[%clk
00:37:43]} {[%emt 00:01:02]} 29. Ra8 {[%clk 00:33:48]} {[%emt 00:00:36]} Bc7
{[%clk 00:37:47]} {[%emt 00:00:02]} 30. Rxe8+ {[%clk 00:33:32]} {[%emt
00:00:21]} Kg7 {[%clk 00:37:51]} 31. b8=Q {[%clk 00:33:16]} {[%emt 00:00:20]}
Bxb8 {[%clk 00:37:40]} {[%emt 00:00:16]} 32. Rxb8 {[%clk 00:33:02]} {[%emt
00:00:19]} Kf6 {[%clk 00:37:41]} {[%emt 00:00:04]} 33. Re8 {[%clk 00:32:42]}
{[%emt 00:00:24]} h5 {[%clk 00:36:55]} {[%emt 00:00:51]} 34. b5 {[%clk
00:32:24]} {[%emt 00:00:24]} g5 {[%clk 00:36:40]} {[%emt 00:00:19]} 35. b6
{[%clk 00:32:19]} {[%emt 00:00:11]} g4 {[%clk 00:36:23]} {[%emt 00:00:22]} 36.
b7 {[%clk 00:32:12]} {[%emt 00:00:13]} h4 {[%clk 00:36:12]} {[%emt 00:00:10]}
37. b8=Q {[%clk 00:31:57]} {[%emt 00:00:17]} g3 {[%clk 00:35:38]} {[%emt
00:00:47]} 38. Qxd6+ {[%clk 00:31:33]} {[%emt 00:00:28]} Kg5 {[%clk 00:35:32]}
{[%emt 00:00:12]} 39. fxg3 {[%clk 00:31:14]} {[%emt 00:00:25]} hxg3 {[%clk
00:35:11]} {[%emt 00:00:25]} 40. Qxg3+ {[%clk 00:31:01]} {[%emt 00:00:17]} Kf6
{[%clk 00:35:02]} {[%emt 00:00:15]} 41. Ne4+ {[%clk 00:30:35]} {[%emt
00:00:30]} fxe4 {[%clk 00:34:41]} {[%emt 00:00:27]} 42. Qf4+ {[%clk 00:30:10]}
{[%emt 00:00:29]} Kg7 {[%clk 00:34:27]} {[%emt 00:00:20]} 43. Qg5+ {[%clk
00:29:48]} {[%emt 00:00:27]} Kh7 {[%clk 00:33:54]} {[%emt 00:00:38]} 44. Rxe4
{[%clk 00:29:13]} {[%emt 00:00:40]} f6 {[%clk 00:33:42]} {[%emt 00:00:18]} 45.
Rh4# {[%clk 00:29:09]} {[%emt 00:00:08]} 1-0

[Event "DVM U10 2023"]
[Site "Magdeburg GER"]
[Date "2023.12.28"]
[Round "5"]
[White "Geschke, Jonathan"]
[Black "Balthasar, Johann"]
[Result "1-0"]
[Termination "normal"]
[Board "16.1"]
[WhiteElo "1424"]
[BlackElo "911"]
[WhiteClock "00:27:35"]
[BlackClock "00:20:34"]
[WhiteTeam "SG Porz"]
[BlackTeam "SC Turm Erfurt"]
[PlyCount "67"]
[WhiteFideId "34636129"]
[EventCountry "GER"]
[EventRounds "7"]
[EventType "team-swiss"]
[EventDate "2023.12.27"]

1. e4 {[%clk 00:55:10]} {[%emt 00:03:25]} c5 {[%clk 00:55:04]} {[%emt
00:00:06]} 2. Nf3 {[%clk 00:55:09]} {[%emt 00:00:06]} d6 {[%clk 00:54:57]}
{[%emt 00:00:12]} 3. d4 {[%clk 00:55:10]} {[%emt 00:00:05]} cxd4 {[%clk
00:54:54]} {[%emt 00:00:06]} 4. Nxd4 {[%clk 00:55:09]} {[%emt 00:00:08]} Nf6
{[%clk 00:54:49]} {[%emt 00:00:09]} 5. Nc3 {[%clk 00:55:07]} {[%emt 00:00:08]}
g6 {[%clk 00:54:40]} {[%emt 00:00:12]} 6. Be3 {[%clk 00:54:57]} {[%emt
00:00:15]} Bg7 {[%clk 00:54:34]} {[%emt 00:00:12]} 7. Be2 {[%clk 00:54:56]}
{[%emt 00:00:07]} O-O {[%emt 00:00:44]} 8. O-O {[%emt 00:00:07]} Bd7 {[%clk
00:53:14]} {[%emt 00:00:33]} 9. Qd2 {[%clk 00:54:42]} {[%emt 00:00:19]} Nc6
{[%clk 00:52:59]} {[%emt 00:00:18]} 10. f3 {[%clk 00:54:17]} {[%emt 00:00:32]}
Nxd4 {[%clk 00:52:11]} {[%emt 00:00:50]} 11. Bxd4 {[%clk 00:53:35]} {[%emt
00:00:51]} h6 {[%clk 00:51:29]} {[%emt 00:00:47]} 12. Be3 {[%clk 00:53:04]}
{[%emt 00:00:36]} Kh7 {[%clk 00:51:09]} {[%emt 00:00:25]} 13. Bd3 {[%clk
00:51:38]} {[%emt 00:01:31]} a6 {[%clk 00:49:54]} {[%emt 00:01:19]} 14. f4
{[%clk 00:51:11]} {[%emt 00:00:32]} e6 {[%clk 00:47:53]} {[%emt 00:02:06]} 15.
Rf3 {[%clk 00:49:23]} {[%emt 00:01:53]} Ng4 {[%clk 00:42:20]} {[%emt 00:05:39]}
16. Raf1 {[%clk 00:48:20]} {[%emt 00:01:07]} Nxe3 {[%emt 00:00:14]} 17. Qxe3
{[%emt 00:00:12]} f5 {[%clk 00:40:00]} {[%emt 00:01:59]} 18. exf5 {[%clk
00:47:24]} {[%emt 00:01:02]} exf5 {[%clk 00:39:48]} {[%emt 00:00:14]} 19. Rg3
{[%clk 00:46:25]} {[%emt 00:01:06]} Re8 {[%clk 00:38:46]} {[%emt 00:01:07]} 20.
Qf3 {[%clk 00:46:07]} {[%emt 00:00:23]} Qc7 {[%clk 00:37:45]} {[%emt 00:01:06]}
21. Nd5 {[%clk 00:45:08]} {[%emt 00:01:04]} Qc5+ {[%clk 00:33:04]} {[%emt
00:04:47]} 22. Kh1 {[%clk 00:42:58]} {[%emt 00:02:14]} Bc6 {[%clk 00:31:21]}
{[%emt 00:01:48]} 23. c4 {[%clk 00:42:12]} {[%emt 00:00:52]} Bxd5 {[%clk
00:30:17]} {[%emt 00:01:06]} 24. cxd5 {[%clk 00:40:31]} {[%emt 00:01:48]} Bxb2
{[%clk 00:29:04]} {[%emt 00:01:16]} 25. h4 {[%clk 00:39:41]} {[%emt 00:00:56]}
h5 {[%clk 00:28:42]} {[%emt 00:00:28]} 26. Bxf5 {[%clk 00:39:06]} {[%emt
00:00:40]} Rg8 {[%clk 00:27:46]} {[%emt 00:01:01]} 27. Be6 {[%clk 00:38:23]}
{[%emt 00:00:48]} Rg7 {[%clk 00:27:16]} {[%emt 00:00:35]} 28. Qd3 {[%clk
00:36:37]} {[%emt 00:01:51]} Bf6 {[%clk 00:22:21]} {[%emt 00:05:00]} 29. f5
{[%clk 00:32:40]} {[%emt 00:04:03]} gxf5 {[%clk 00:21:38]} {[%emt 00:00:46]}
30. Qxf5+ {[%clk 00:00:00]} {[%emt 00:01:51]} Kh8 {[%clk 00:21:28]} {[%emt
00:02:05]} 31. Qxh5+ {[%clk 00:31:16]} {[%emt 00:00:10]} Rh7 {[%clk 00:21:23]}
{[%emt 00:00:12]} 32. Qg6 {[%clk 00:28:03]} {[%emt 00:03:18]} Be5 {[%clk
00:20:34]} {[%emt 00:00:54]} 33. Qg8+ {[%clk 00:27:35]} {[%emt 00:00:33]} Rxg8
{[%emt 00:00:09]} 34. Rxg8# {[%clk 00:27:35]} {[%emt 00:00:08]} 1-0

[Event "DVM U10 2023"]
[Site "Magdeburg GER"]
[Date "2023.12.28"]
[Round "5"]
[White "Buff, Hannes"]
[Black "Bienbeck, Matthis"]
[Result "0-1"]
[Termination "normal"]
[Board "16.2"]
[WhiteElo "849"]
[BlackElo "1279"]
[WhiteClock "00:32:45"]
[BlackClock "00:38:37"]
[WhiteTeam "SC Turm Erfurt"]
[BlackTeam "SG Porz"]
[PlyCount "92"]
[EventCountry "GER"]
[EventRounds "7"]
[EventType "team-swiss"]
[EventDate "2023.12.27"]

1. e4 {[%clk 00:55:08]} {[%emt 00:00:01]} c5 {[%clk 00:55:03]} {[%emt
00:00:07]} 2. d4 {[%clk 00:55:00]} {[%emt 00:00:12]} cxd4 {[%clk 00:55:03]}
{[%emt 00:00:06]} 3. c3 {[%clk 00:54:47]} {[%emt 00:00:19]} dxc3 {[%emt
00:00:09]} 4. Nxc3 {[%emt 00:00:09]} e5 {[%clk 00:54:29]} {[%emt 00:00:20]} 5.
Nf3 {[%clk 00:54:26]} {[%emt 00:00:25]} Nf6 {[%clk 00:53:54]} {[%emt 00:00:40]}
6. Nxe5 {[%clk 00:54:04]} {[%emt 00:00:27]} Bb4 {[%clk 00:53:34]} {[%emt
00:00:26]} 7. Bc4 {[%clk 00:53:37]} {[%emt 00:00:32]} O-O {[%clk 00:53:24]}
{[%emt 00:00:15]} 8. Qd3 {[%clk 00:53:11]} {[%emt 00:00:30]} Nc6 {[%clk
00:53:01]} {[%emt 00:00:29]} 9. Nxc6 {[%clk 00:52:18]} {[%emt 00:00:58]} dxc6
{[%clk 00:52:44]} {[%emt 00:00:22]} 10. Qxd8 {[%clk 00:51:39]} {[%emt
00:00:44]} Rxd8 {[%clk 00:52:42]} {[%emt 00:00:07]} 11. e5 {[%clk 00:51:02]}
{[%emt 00:00:42]} Ne4 {[%clk 00:52:28]} {[%emt 00:00:18]} 12. O-O {[%clk
00:50:40]} {[%emt 00:00:28]} Nxc3 {[%clk 00:52:24]} {[%emt 00:00:10]} 13. bxc3
{[%clk 00:49:59]} {[%emt 00:00:45]} Bxc3 {[%clk 00:52:22]} {[%emt 00:00:08]}
14. Rb1 {[%clk 00:49:35]} {[%emt 00:00:28]} Bxe5 {[%clk 00:51:56]} {[%emt
00:00:31]} 15. Ba3 {[%clk 00:49:02]} {[%emt 00:00:37]} Bf5 {[%clk 00:50:48]}
{[%emt 00:01:14]} 16. Rxb7 {[%clk 00:48:05]} {[%emt 00:01:02]} Rd7 {[%clk
00:49:24]} {[%emt 00:01:29]} 17. Rxd7 {[%clk 00:47:13]} {[%emt 00:00:58]} Bxd7
{[%clk 00:49:21]} {[%emt 00:00:07]} 18. Re1 {[%clk 00:46:58]} {[%emt 00:00:20]}
Bf6 {[%clk 00:48:24]} {[%emt 00:01:02]} 19. Rd1 {[%clk 00:45:22]} {[%emt
00:01:41]} Rd8 {[%clk 00:46:47]} {[%emt 00:01:42]} 20. Bb4 {[%clk 00:44:34]}
{[%emt 00:00:52]} Be6 {[%clk 00:45:08]} {[%emt 00:01:45]} 21. Rxd8+ {[%clk
00:43:32]} {[%emt 00:01:08]} Bxd8 {[%clk 00:45:05]} {[%emt 00:00:07]} 22. Bxe6
{[%clk 00:43:12]} {[%emt 00:00:21]} fxe6 {[%clk 00:45:09]} {[%emt 00:00:05]}
23. Kf1 {[%clk 00:42:58]} {[%emt 00:00:17]} Kf7 {[%clk 00:44:49]} {[%emt
00:00:26]} 24. Ke2 {[%clk 00:42:30]} {[%emt 00:00:34]} Bb6 {[%clk 00:44:30]}
{[%emt 00:00:24]} 25. f4 {[%clk 00:42:09]} {[%emt 00:00:26]} Bc7 {[%clk
00:43:57]} {[%emt 00:00:38]} 26. g3 {[%clk 00:41:38]} {[%emt 00:00:36]} e5
{[%clk 00:43:50]} {[%emt 00:00:12]} 27. fxe5 {[%clk 00:41:20]} {[%emt
00:00:23]} Bxe5 {[%clk 00:43:49]} {[%emt 00:00:05]} 28. Bc5 {[%clk 00:40:58]}
{[%emt 00:00:28]} a6 {[%clk 00:43:18]} {[%emt 00:00:36]} 29. a4 {[%clk
00:40:49]} {[%emt 00:00:15]} Ke6 {[%clk 00:43:08]} {[%emt 00:00:15]} 30. Kd3
{[%clk 00:40:23]} {[%emt 00:00:30]} Kd5 {[%clk 00:42:58]} {[%emt 00:00:15]} 31.
Bb6 {[%clk 00:40:14]} {[%emt 00:00:14]} c5 {[%clk 00:42:52]} {[%emt 00:00:11]}
32. Ba5 {[%clk 00:39:39]} {[%emt 00:00:40]} c4+ {[%clk 00:42:36]} {[%emt
00:00:21]} 33. Kc2 {[%clk 00:38:49]} {[%emt 00:00:55]} g5 {[%clk 00:42:08]}
{[%emt 00:00:34]} 34. Bc3 {[%clk 00:38:27]} {[%emt 00:00:27]} g4 {[%clk
00:41:07]} {[%emt 00:01:06]} 35. Bxe5 {[%clk 00:38:17]} {[%emt 00:00:14]} Kxe5
{[%clk 00:41:05]} {[%emt 00:00:07]} 36. Kc3 {[%clk 00:38:12]} {[%emt 00:00:10]}
Kd5 {[%clk 00:41:01]} {[%emt 00:00:09]} 37. Kb4 {[%clk 00:37:09]} {[%emt
00:01:08]} Kd4 {[%clk 00:40:08]} {[%emt 00:00:58]} 38. Ka3 {[%clk 00:37:06]}
{[%emt 00:00:09]} a5 {[%clk 00:39:57]} {[%emt 00:00:16]} 39. Kb2 {[%clk
00:36:59]} {[%emt 00:00:11]} Kd3 {[%clk 00:39:52]} {[%emt 00:00:11]} 40. Kc1
{[%clk 00:36:11]} {[%emt 00:00:52]} c3 {[%clk 00:39:21]} {[%emt 00:00:36]} 41.
Kb1 {[%clk 00:34:27]} {[%emt 00:01:48]} Kd2 {[%clk 00:39:06]} {[%emt 00:00:21]}
42. h4 {[%clk 00:34:15]} {[%emt 00:00:18]} gxh3 {[%clk 00:38:57]} {[%emt
00:00:14]} 43. g4 {[%clk 00:33:56]} {[%emt 00:00:23]} h2 {[%clk 00:38:53]}
{[%emt 00:00:09]} 44. g5 {[%clk 00:33:24]} {[%emt 00:00:37]} c2+ {[%clk
00:38:43]} {[%emt 00:00:16]} 45. Ka2 {[%emt 00:00:11]} c1=Q {[%emt 00:00:08]}
46. g6 {[%clk 00:32:45]} {[%emt 00:00:24]} Kc2 {[%clk 00:38:37]} {[%emt
00:00:11]} 0-1